00366nam a22001337a 450000500170000000800410001702000180005805000130007610000160008924500470010525000120015226000390016430000290020320251030131206.0251030b |||||||| |||| 00| 0 eng d a9781403942173 aRT86 NIV aNiven, Neil aThe Psychology of Nursing CarecNeil Niven a2nd ed. aNew YorkbPalgrave Macmillanc2006 axiv. 418p.bill.c24.5cm